Normal view
MARC view
Entry Corporate Name
001 - CONTROL NUMBER
- control field: 29789
003 - CONTROL NUMBER IDENTIFIER
- control field: ARRUPE
005 - DATE AND TIME OF LATEST TRANSACTION
- control field: 20170411101536.0
008 - FIXED-LENGTH DATA ELEMENTS
- fixed length control field: 170411|| aca||aabn | a|a d
040 ## - CATALOGING SOURCE
- Original cataloging agency: ARRUPE
- Transcribing agency: ARRUPE
110 ## - HEADING--CORPORATE NAME
- Corporate name or jurisdiction name as entry element: Rob Wishart ill.
670 ## - SOURCE DATA FOUND
- Source citation: Work cat.: (ARRUPE)126393: Kruger, Kobie 29783, All things wild and wonderful, 1996